Normal view
MARC view
- Jawad Riaz
Entry Personal Name
001 - CONTROL NUMBER
- control field: 15557
003 - CONTROL NUMBER IDENTIFIER
- control field: NUST
005 - DATE AND TIME OF LATEST TRANSACTION
- control field: 20190625105940.0
008 - FIXED-LENGTH DATA ELEMENTS
- fixed length control field: 190625|| aca||aabn | a|a d
040 ## - CATALOGING SOURCE
- Original cataloging agency: NUST
- Transcribing agency: NUST
100 ## - HEADING--PERSONAL NAME
- Personal name: Jawad Riaz
670 ## - SOURCE DATA FOUND
- Source citation: Work cat.: (NUST): Jawad Riaz, Assessment of Adoption of e-Government by Government Employees of Pakistan in Perspective of Diffusion of Innovation ( DOI) /, 2016.
